[Event "GER-ch Net Amateur Gr-B Vor1"]
[Site "Playchess.com INT"]
[Date "2020.04.14"]
[Round "8"]
[White "Guder, Sibylle"]
[Black "Zackrisson, Peter"]
[Result "1-0"]
[WhiteElo "1718"]
[BlackElo "1880"]
[PlyCount "77"]
[EventDate "2020.04.14"]
[EventType "swiss (blitz)"]
[EventRounds "9"]
[EventCountry "GER"]
[SourceTitle "EXT 2021"]
[Source "ChessBase"]
[SourceDate "2020.10.23"]
[SourceVersion "1"]
[SourceVersionDate "2020.10.23"]
[SourceQuality "1"]

1. Nf3 Nf6 2. c4 g6 3. g3 Bg7 4. Bg2 0-0 5. 0-0 d6 6. Nc3 e5 7. d3 Nc6 8. Rb1 a5 9. a3 Nh5 10. b4 axb4 11. axb4 f5 12. Nd5 h6 13. b5 Ne7 14. b6 Nxd5 15. cxd5 cxb6 16. Nd2 f4 17. Nc4 Ra6 18. Ba3 Rf6 19. Qb3 fxg3 20. hxg3 Bg4 21. Rb2 g5 22. Ne3 Bd7 23. Bf3 Be8 24. Bg4 Bf8 25. Be6+ Kg7 26. Nf5+ Kh8 27. Rc1 Bd7 28. e4 Bxe6 29. dxe6 Ng7 30. Nxg7 Kxg7 31. Rbc2 Be7 32. Rc8 Ra8 33. Rxd8 Rxd8 34. Rc7 Kf8 35. Qxb6 Ra8 36. Bxd6 Rxe6 37. Bxe7+ Rxe7 38. Rxe7 Kxe7 39. Qxb7+ 1-0

[Event "GER-ch Net Amateur Gr-B Vor1"]
[Site "Playchess.com INT"]
[Date "2020.04.14"]
[Round "2"]
[White "Zackrisson, Peter"]
[Black "Lange, Lars"]
[Result "1-0"]
[WhiteElo "1829"]
[BlackElo "1620"]
[PlyCount "53"]
[EventDate "2020.04.14"]
[EventType "swiss (blitz)"]
[EventRounds "9"]
[EventCountry "GER"]
[SourceTitle "EXT 2021"]
[Source "ChessBase"]
[SourceDate "2020.10.23"]
[SourceVersion "1"]
[SourceVersionDate "2020.10.23"]
[SourceQuality "1"]

1. e4 c5 2. Nf3 d6 3. d4 cxd4 4. Nxd4 Nf6 5. Nc3 a6 6. Bg5 Nbd7 7. f4 Qa5 8. Qf3 e6 9. 0-0-0 Rb8 10. g4 b5 11. Nc6 Qc7 12. Nxb8 Qxb8 13. a3 Be7 14. Bxf6 Nxf6 15. g5 Nd7 16. h4 b4 17. axb4 Qxb4 18. h5 Bb7 19. Bg2 Nc5 20. Qe3 a5 21. Rhf1 a4 22. Na2 Qb5 23. f5 exf5 24. Rxf5 a3 25. Qxa3 Bxe4 26. Bxe4 Nxe4 27. Rxb5 1-0

[Event "GER-ch Net blitz qual3"]
[Site "Playchess.com INT"]
[Date "2020.03.21"]
[Round "9"]
[White "Haack, Stefan"]
[Black "Zackrisson, Peter"]
[Result "0-1"]
[WhiteElo "1881"]
[BlackElo "1947"]
[PlyCount "58"]
[EventDate "2020.03.21"]
[EventType "swiss (blitz)"]
[EventRounds "9"]
[EventCountry "GER"]
[SourceTitle "CBM 195 Extra"]
[Source "ChessBase"]
[SourceDate "2020.05.31"]
[SourceVersion "1"]
[SourceVersionDate "2020.05.31"]
[SourceQuality "1"]

1. e4 c5 2. c3 Nf6 3. e5 Nd5 4. d4 cxd4 5. cxd4 Nc6 6. Nc3 Nxc3 7. bxc3 d6 8. f4 Bf5 9. Nf3 Rc8 10. Bd2 e6 11. Bb5 a6 12. Ba4 Be7 13. 0-0 0-0 14. Ng5 dxe5 15. dxe5 b5 16. Bc2 Qb6+ 17. Kh1 Rfd8 18. Bxf5 exf5 19. Qc2 Nd4 20. Qb1 Ne6 21. Qxf5 Bxg5 22. fxg5 Rxd2 23. Qxf7+ Kh8 24. Rf6 gxf6 25. Qxf6+ Kg8 26. Rf1 Rf8 27. h4 Rxf6 28. gxf6 Kf7 29. h5 Qe3 0-1